| 000 | 00655nam a2200229I 4500 | ||
|---|---|---|---|
| 999 |
_c7059 _d7059 |
||
| 001 | 1434398 | ||
| 003 | OSt | ||
| 005 | 20190122172602.0 | ||
| 008 | 750708|1954||||||| |||| ||eng u | ||
| 010 | _a54012401 | ||
| 035 | _atcgc136911 | ||
| 040 |
_cJPL _dTSM |
||
| 050 | 0 |
_aBV245 _b.M22 |
|
| 082 |
_a264.1 _bM478b |
||
| 100 | 1 | _aMcCauley, Leon. | |
| 245 | 1 | 4 |
_aThe book of prayers, _bcompiled for Protestant worship. _cEdited by Leon and Elfrieda McCauley. Introd. by Harry Emerson Fosdick. |
| 260 |
_aNew York, _bCrown Publishers _c[1954] |
||
| 300 |
_aviii, 184 p. _c18 cm. |
||
| 650 | 0 | _aPrayers. | |
| 700 | 1 | _aMcCauley, Elfrieda. | |
| 942 |
_2ddc _cBK |
||